|
|
|
|
| LEADER |
00000cas a2200000 a 4500 |
| 001 |
vtls010180236 |
| 003 |
SK-MaSNL |
| 005 |
20260228160335.0 |
| 008 |
101019d19881990xo ar0 0 b0slo |
| 020 |
|
|
|a 8007000151
|
| 020 |
|
|
|a 80-07-00240-5
|
| 040 |
|
|
|a SNK
|b slo
|c SNK
|e AACR2
|
| 041 |
0 |
|
|a slo
|
| 044 |
|
|
|a xo
|c SK
|
| 072 |
|
7 |
|a 635
|x Záhradkárstvo
|2 konspekt
|
| 080 |
|
|
|a 634/635
|2 2011
|
| 080 |
|
|
|a 050
|2 2011
|
| 080 |
|
|
|a (051)-048.55
|2 2011
|
| 245 |
0 |
0 |
|a Magazín záhradkára
|
| 260 |
|
|
|a Bratislava
|b Príroda
|c 1988-[1990]
|
| 300 |
|
|
|a 3 zv.
|c 30 cm
|
| 310 |
|
|
|a 1x ročne
|
| 321 |
|
|
|a 1(1988)-[3, (1990)]
|
| 500 |
|
|
|a Zostavovateľka: 1989-1990, Eva Braunová
|
| 550 |
|
|
|a Vychádzal ako monografia s ISBN
|
| 650 |
0 |
7 |
|a záhradkárstvo
|2 SNKPH
|9 2728
|
| 655 |
|
7 |
|a špecializované časopisy
|2 SNKPH
|9 70509
|
| 700 |
1 |
|
|a Braunová, Eva
|4 com
|9 266447
|
| 910 |
|
|
|a snk
|
| 919 |
|
|
|a 8007000151
|
| 919 |
|
|
|a 8007002405
|
| 999 |
|
|
|c 2202
|d 4132
|
| 952 |
|
|
|0 0
|1 0
|4 0
|7 0
|8 3
|a SNK
|b SNK
|d 2010-10-19
|i snk2010/22797
|l 0
|o snkČSB 3964/1989/2
|p 17A0661276
|r 2026-02-21 19:55:20
|w 2026-02-21
|y PREZ
|
| 952 |
|
|
|0 0
|1 0
|4 0
|7 0
|a SNK
|b SNK
|d 2003-10-27
|i snkKSP 4959/91
|l 0
|o snkČSB 3964/1990/3
|p 17A0400609
|r 2004-12-31 00:00:00
|w 2026-02-21
|y PREZ
|z č. 3
|
| 952 |
|
|
|0 0
|1 0
|4 0
|7 0
|a SNK
|b SNK
|d 2014-06-20
|i snkKSP 8284/91
|l 0
|o snkČSB 3964/1988/1
|p 17A1030174
|r 2026-02-21 21:25:05
|w 2026-02-21
|y PREZ
|
| 952 |
|
|
|0 0
|1 0
|4 0
|7 0
|a SNK
|b SNK
|d 2014-06-20
|i snkKSP 8285/91
|l 0
|o snkČSB 3964/1988/1 D1
|p 17A0823397
|r 2026-02-21 21:25:05
|w 2026-02-21
|y PREZ
|
| 952 |
|
|
|0 0
|1 0
|4 0
|7 0
|8 1
|a SNK
|b SNK
|d 2019-03-25
|i snk2019/8092
|l 0
|o snkČSB 3964/1989/2 D1
|p 17A1365683
|r 2026-02-21 21:51:59
|w 2026-02-21
|y PREZ
|